02178nam a2200241 a 4500001001500000005001700015008004100032020003500073020003000108040000600138100002300144245003700167250001200204260002900216300002100245490004200266520136400308830004201672856008201714942001201796999001701808952011101825ASIN074564033820170105102924.0131210s2008 xxu eng d a0745640338 (paperback)c$26.95 a9780745640334 (paperback) a01 aCochrane, Feargal.10aEnding wars /cFeargal Cochrane. a1st ed. a[S.l.] :bPolity,c2008. a176 p. ;c21 cm.1 aWar and conflict in the modern world. aMany books have been written about war, but few have focused on how wars can be brought to an end. Wars are rarely inevitable however and this book is aimed at understanding how violent conflicts can be brought to a close through intervention, mediation and political negotiation. The simple premise underlying the book is that wars between states and wars within states are generally fought by rational people for particular political goals or perceived interests. War is better understood as a methodology rather than an ideology. When the context, issues and actors in these armed conflicts change then it is often possible to control, or even transform such violence. By bringing together a number of existing debates from peace and conflict research as well as scholars of international relations, the book examines the dynamic forces that lie behind the ending of wars and how these have changed over time. Examples are drawn from a wide range of armed conflicts to analyse the efforts that have been made to move from War-War to Jaw-Jaw, or more typically Jaw-War. Efforts at third-party intervention, mediation and political negotiation across a range of conflict zones from Europe to Sub-Saharan Africa are discussed in full. Neither idealistic nor fatalistic, this book is a must-read for all students of international politics and security studies. 0aWar and conflict in the modern world.403Amazon.comuhttp://www.amazon.com/exec/obidos/ASIN/0745640338/chopaconline-20 2ddccBK c15723d15723 001040708NFICaCIPSbCIPScGENd2013-10-02l0o327.17 COC 2008pCIPS0002224r2013-12-10w2013-12-10yBK